| 000 | 00521nam a2200217Ia 4500 | ||
|---|---|---|---|
| 003 | OSt | ||
| 005 | 20220928140143.0 | ||
| 006 | a|||||r|||| 00| 0 | ||
| 007 | ta | ||
| 008 | 220927b |||||||| |||| 00| 0 eng d | ||
| 024 | _a6895 | ||
| 037 | _cTextual | ||
| 040 |
_aSDCL _cSDCL _beng |
||
| 041 |
_2eng _aeng |
||
| 082 | _aX:15, P8 | ||
| 100 |
_aBajtelsmit Vickie _9494160 |
||
| 245 | 0 | _aPersonal finance | |
| 260 | _c2008 | ||
| 942 |
_hX:15, P8 _cTEXL _2CC |
||
| 999 |
_c810048 _d810048 |
||